ბათუმის შოთა რუსთაველის სახელმწიფო უნივერსიტეტის ბიბლიოთეკა

ფულის მიმოქცევა, კრედიტი და ფინანსები : (ბიბ.ჩანაწერი № 37990)

000 -ლიდერი
ფიქსირებული სიგრძის საკონტროლო ველი 01247nam a2200265Ia 4500
001 - საკონტროლო ნომერი
საკონტროლო ველი 3974
003 - საკონტროლო ნომრის იდენტიფიკატორი
საკონტროლო ველი GE_BSU
005 - ბოლო ოპერაციის თარიღი და დრო
საკონტროლო ველი 20190902171353.0
008 - ფიქსირებული სიგრძის მონაცემთა ელემენტები - ზოგადი ინფორმაცია
ფიქსირებული სიგრძის საკონტროლო ველი 181216s1963||||ge |||||||||||||| ||geo||
040 ## - კატალოგიზაციის წყარო
Transcribing agency GE_BSU
041 ## - ენის კოდი
Language code of text/sound track or separate title geo
080 ## - უნივერსალური ათობითი კლასიფიკაციის ინდექსი
Universal Decimal Classification number 336.7+336.1 ქ–62
100 ## - მთავარი ჩანაწერი - პიროვნების სახელი
Personal name ქოიავა, ნიკოლოზ
9 (RLIN) 3871
245 ## - ცნობა სათაურის შესახებ
Title ფულის მიმოქცევა, კრედიტი და ფინანსები :
Remainder of title XVIII საუკუნის ქართლ–კახეთში /
Statement of responsibility, etc რედ.: დ. გვრიტიშვილი.
264 ## - წარმოების, გამოცემის, დისტრიბუციის და სხვა ცნობები
გამოცემის, წარმოების, დისტრიბუციის... ადგილი თბ. :
გამოცემის, წარმოების, დისტრიბუციის... სახელწოდება თბილ. უნ-ტის გამ-ბა,
გამოცემის, წარმოების, დისტრიბუციის... თარიღი 1963.
300 ## - ფიზიკური აღწერა
Extent 251 გვ.;
Other physical details 23 სმ.
504 ## - BIBLIOGRAPHY, ETC. NOTE
Bibliography, etc ბიბლიოგრ. შენიშვნებში.
653 ## - INDEX TERM--UNCONTROLLED
Uncontrolled term ფულის მიმოქცევა საქართველოში
653 ## - INDEX TERM--UNCONTROLLED
Uncontrolled term კრედიტი საქართველოში
653 ## - INDEX TERM--UNCONTROLLED
Uncontrolled term ფინანსები საქართველოში
653 ## - INDEX TERM--UNCONTROLLED
Uncontrolled term საქართველოს ისტორია, XVIII ს.
700 ## - ADDED ENTRY--PERSONAL NAME
Personal name გვრიტიშვილი, დ.
Relator term რედაქტორი
9 (RLIN) 3872
942 ## - ADDED ENTRY ELEMENTS (KOHA)
Koha item type წიგნი
Source of classification or shelving scheme
ეგზემპლარები
ჩამოწერის სტატუსი დაკარგული ეგზემპლარის სტატუსი კლასიფიკაციის წყარო ან თაროზე გაწყობის სქემა დაზიანების სტატუსი არ გაიცემა მუდმივი მდებარეობა (დაცვის ადგილი) ამჟამინდელი ადგილსამყოფელი თაროზე განთავსების ადგილი შეძენის თარიღი ღირებულება, შესყიდვის ნორმალური ფასი სრული შენახვის შიფრი შტრიხკოდი ბოლო ოპერაციის თარიღი ეგზემპლარის მიმდევრობითი ნომერი (კეტერი?) ფასის ძალაში შესვლის თარიღი ეგზემპლარის სახეობა საჯარო შენიშვნა
          ბათუმის შოთა რუსთაველის სახელმწიფო უნივერსიტეტის მთავარი ბიბლიოთეკა ბათუმის შოთა რუსთაველის სახელმწიფო უნივერსიტეტის მთავარი ბიბლიოთეკა წიგნსაცავი 2018-12-17 0.80 336.7+336.1 ქ–62 5569 2018-12-17 5569 2018-12-17 წიგნი 0.80 თ.
          ბათუმის შოთა რუსთაველის სახელმწიფო უნივერსიტეტის მთავარი ბიბლიოთეკა ბათუმის შოთა რუსთაველის სახელმწიფო უნივერსიტეტის მთავარი ბიბლიოთეკა წიგნსაცავი 2018-12-17 2.00 336.7+336.1 ქ–62 5570 2018-12-17 5570 2018-12-17 წიგნი 2 ლ.